Music Quiz

Random Music or Album Quiz

Criteria Quiz Sorting Gallery: Music and Musicians Stats

 Plays Quiz not verified by Sporcle

Support Sporcle.
Go Orange.
Score 0/28 Timer 10:00
0 Plays Today
% Correct
???
95.8%
???
85.6%
???
78.3%
???
75.3%
???
71.9%
???
68.6%
???
68.6%
???
62.1%
???
38.5%
???
32.4%
???
27.9%
???
26.4%
???
23.1%
???
21.3%
% Correct
???
21.2%
???
20.7%
???
20.4%
???
20.2%
???
19%
???
18.9%
???
17.9%
???
17.8%
???
17.4%
???
15.2%
???
13.8%
???
13.6%
???
13.6%
???
13.6%

You're not logged in!

Compare scores with friends on all Sporcle quizzes.
OR
Log In

From the Vault

Cartoons From the '90s

by druhutch

Please let this be a normal field trip...
Remove Ads.
Support Sporcle.
Get the best of Sporcle when you Go Orange. This ad-free experience offers more features, more stats, and more fun while also helping to support Sporcle. Thank you for becoming a member.

Show Comments

Extras

Top Quizzes Today


Score Distribution

Your Account Isn't Verified!

In order to create a playlist on Sporcle, you need to verify the email address you used during registration. Go to your Sporcle Settings to finish the process.

Report this User

Report this user for behavior that violates our Community Guidelines.

Details: